Discovering careers for your future. Computers.

Bibliographic Details
Corporate Author: J.G. Ferguson Publishing Company
Format: Book
Language:English
Published: Chicago, IL : Ferguson Pub., [2001]
Subjects:

MARC

Tag First Indicator Second Indicator Subfields
LEADER 00000cam a22000004a 4500
001 in00001702356
005 20151024153104.0
008 000929s2001 ilua 001 0 eng
010 |a  00049519  
020 |a 0894343890 
035 |a (OCoLC)ocm45129142 
040 |a DLC  |c DLC  |d XY4  |d UtOrBLW 
042 |a pcc 
049 |a TXAM 
050 0 0 |a QA76.25  |b .D57 2001 
082 0 0 |a 004/.023/73  |2 21 
245 0 0 |a Discovering careers for your future.  |p Computers. 
246 3 0 |a Computers 
264 1 |a Chicago, IL :  |b Ferguson Pub.,  |c [2001] 
264 4 |c ©2001 
300 |a 92 pages :  |b illustrations ;  |c 24 cm. 
336 |a text  |b txt  |2 rdacontent 
337 |a unmediated  |b n  |2 rdamedia 
338 |a volume  |b nc  |2 rdacarrier 
505 0 |a Computer-aided design technicians -- Computer and electronics sales representatives -- Computer and office machine technicians -- Computer and video game designers -- Computer network specialists -- Computer operators -- Computer programmers -- Computer security specialists -- Computer systems analysts -- Computer trainers -- Database specialists -- Desktop publishing specialists -- Graphics programmers -- Hardware engineers -- Internet content developers -- Microelectronics technicians -- Software designers -- Software engineers -- Technical support specialists -- Webmasters. 
650 0 |a Computer science  |x Vocational guidance. 
710 2 |a J.G. Ferguson Publishing Company. 
948 |a cataloged  |b h  |c 2002/11/18  |e cmulkey  |f 13:34:40 
994 |a E0  |b TXA 
999 |a MARS 
999 f f |s c6241dda-0a3b-3e80-99ea-db56f3a7dd3f  |i a49f55fd-8a51-348b-b187-6459aac0f62b  |t 0 
952 f f |p ric  |a Texas A&M University  |b Rellis Campus  |c Joint Library Facility  |d Remote Storage  |t 0  |e QA76.25 .D57 2001  |h Library of Congress classification  |i unmediated -- volume  |m A14829456592 
998 f f |a QA76.25 .D57 2001  |t 0  |l Remote Storage